000 00596nam a2200229Ia 4500
003 OSt
005 20220924150351.0
006 a|||||r|||| 00| 0
007 ta
008 220923b |||||||| |||| 00| 0 tel d
024 _a332904
037 _cTextual
040 _aARTS
_cARTS
_btel
041 _2tel
_atel
082 _aO35,1M951:g, L9
100 _aChoudary Bhasakar
_9221962
245 0 _aJashuva jeevita kavita prasthaman
260 _c1979
650 _aTELUGU POETRY
942 _hO35,1M951:g, L9
_cTEXL
_2CC
999 _c463112
_d463112